000
00246nam a2200097Ia 4500
008
120527s9999 xx 000 0 und d
100
_a
LAFFERTY & PANELLA
245
_a
Adam interactive anatomy student Lab Guide
260
_b
Benganum
942
_c
BK
999
_c
25746
_d
25746